| 000 | 00830nam a22002177a 4500 | ||
|---|---|---|---|
| 003 | DO-SdBNP | ||
| 005 | 20210916122316.0 | ||
| 007 | ta | ||
| 008 | 210916e2019 dr a|||fr|||| 001 0 spa d | ||
| 040 |
_aDO-SdBNP _bspa _cBNPHU |
||
| 082 | 4 |
_222 _bG943c |
|
| 245 | 1 | 0 |
_aGuía clínica de las enfermedades pediátricas prevalentes en República Dominicana / _cAlfre Cruz Hernández, comp.; Piero Espinal Estévez, ed.; Joy Vivoni, pról. |
| 260 |
_aSan José de las Matas, República Dominicana : _bOPUS, _c2019 |
||
| 300 |
_a493 p.: _bil, graf.; _c25 cm |
||
| 500 | _aIncluye biografía del compilador en las cubiertas. | ||
| 590 | _aInventariado 2021 / MF | ||
| 700 | 1 | 2 |
_aCruz Hernández, Alfre , _d1960 _ecomp. _979913 |
| 700 | 1 | 2 |
_a Vivoni, Joy, _epról. _979914 |
| 700 | 1 | 2 |
_aEspinal Estévez, Piero, _eed. _93550 |
| 942 |
_2ddc _cLBS1 |
||
| 999 |
_c50542 _d50542 |
||